Primer Campeonato Mundial de Football : Montevideo, julio de 1930 = La Coupe du Monde /

El Campeonato Mundial de futbol es, junto con los Juegos Olímpicos, la competencia con la audiencia más extensa y que genera mayor expectación pública en la historia del deporte moderno. Surgió con base en una idea del francés Jules Rimet y fue celebrado por vez primera del 13 al 30 de julio de 1930...

Fuld beskrivelse

Guardado en:
Bibliografiske detaljer
Institution som forfatter: Campeonato Mundial de Futbol ( Montevideo, Uruguay)
Andre forfattere: Carbonell Debali, Arturo (dirección) (dirección)
Format: Procedimiento de la conferencia Bog
Sprog:spansk
Udgivet: Montevideo, Uruguay : World Cup Collections, 2000, c2000
Fag:
Tags: Tilføj Tag
Ingen Tags, Vær først til at tagge denne postø!

MARC

LEADER 00000nam^a2200000^a^4500
001 000175802
005 20250526000000.0
009 20260526125914.428
037 |a Acervo ITESO - Biblioteca 
041 |a ESP 
082 |a 796. 334668  |b CAM 1930 V. 1 
111 |a Campeonato Mundial de Futbol (  |n 1o :  |d 1930 :  |c Montevideo, Uruguay) 
240 1 1 |a [Album del primer Campeonato Mundial de Futbol] 
245 1 0 |a Primer Campeonato Mundial de Football :  |b Montevideo, julio de 1930 = La Coupe du Monde /  |c Dir. de A. Carbonell Debali. 
264 4 |a Montevideo, Uruguay :  |b World Cup Collections,  |c 2000, c2000 
300 |a 123 p. ;  |c 35.0 cm. (gran formato) 
336 |a texto  |b txt  |2 rdacontenido 
337 |a sin mediación  |b n  |2 rdamedio 
338 |a volumen  |b nc  |2 rdasoporte 
520 |a El Campeonato Mundial de futbol es, junto con los Juegos Olímpicos, la competencia con la audiencia más extensa y que genera mayor expectación pública en la historia del deporte moderno. Surgió con base en una idea del francés Jules Rimet y fue celebrado por vez primera del 13 al 30 de julio de 1930 en Montevideo, Uruguay. La fase final del Campeonato es dirimida cada cuatro años, tras las eliminatorias de las distintas confederaciones continentales, bajo la regulación de la Federación Internacional de Futbol Asociación (FIFA) y desde su inicio sólo ha debido suspenderse en dos ocasiones (1942, 1946), a causa de la Segunda Guerra Mundial. La presente edición reúne dos publicaciones sobre el I Campeonato Mundial, que culminó con el triunfo de la selección anfitriona de Uruguay: el Album o Libro Oficial del I Campeonato Mundial, memoria con información sobre la organización de la competencia y crónicas de cada uno de los partidos disputados, y un Catálogo con reproducciones fotográficas de objetos (el cartel, postales, publicidad impresa, boletos de ingreso al estadio, medallas, acreditaciones, figurillas de recuerdo) relacionados con la competencia. 
546 |a Edición bilingüe español-francés 
591 |a Obra contenida en una caja (2 volúmenes) 
649 |a XX 
650 |a Mundial de Futbol -  |z Uruguay -  |x Tema Principal 
650 |a Mundial de Futbol -  |x Historia -  |x Tema Principal 
650 |a Futbol -  |x Competencias -  |x Historia 
650 |a Futbol -  |z Uruguay -  |x Historia -  |y 1917-1933 
650 |a Futbol -  |z Uruguay -  |x Historia -  |y Siglo XX 
650 |a Futbol -  |x Historia -  |y Siglo XX 
650 |a Campeonatos Deportivos -  |x Historia 
650 |a Deportes -  |z Uruguay -  |x Historia -  |y 1917-1933 
650 |a Deportes -  |z Uruguay -  |x Historia -  |y Siglo XX 
650 |a Deportes -  |x Historia -  |y Siglo XX 
700 |a Carbonell Debali, Arturo  |e (dirección) 
910 |a Fondo General 
920 |a Impresos - Libros 
930 |a Libros Antiguos y Raros 
905 |a 108 
901 |a 0500113937  |b IT2  |c LRA  |u 20250526 
902 |a https://opac.biblio.iteso.mx/vufind/Record/000175802